नव जागरण और स्त्री / (Record no. 204990)

MARC details
000 -LEADER
fixed length control field 00867nam a22001937a 4500
005 - DATE AND TIME OF LATEST TRANSACTION
control field 20240813103846.0
010 ## - LCCN (DPL NO)
LC control number HIN-128156
020 ## - INTERNATIONAL STANDARD BOOK NUMBER
International Standard Book Number 9788179757048
Terms of availability 750.00
035 ## - SYSTEM CONTROL NUMBER
System control number HN-100502
037 ## - SOURCE OF ACQUISITION
Source of stock number/acquisition DBAD
082 ## - DEWEY DECIMAL CLASSIFICATION NUMBER
Classification number 821.08
100 ## - MAIN ENTRY--PERSONAL NAME
Personal name शर्मा ,मीना
245 ## - TITLE STATEMENT
Title नव जागरण और स्त्री /
Statement of responsibility, etc मीना शर्मा
250 ## - EDITION STATEMENT
Edition statement 1
260 ## - PUBLICATION, DISTRIBUTION, ETC. (IMPRINT)
Place of publication, distribution, etc नई दिल्ली
Name of publisher, distributor, etc अनामिका पब्लिशर एंड डिस्ट्रीब्यूटर (प्रा.) लिमिटेड
Date of publication, distribution, etc 2021
270 ## - ADDRESS
Address 4697/3,21-ए ,अंसारी रोड ,दरियागंज
City नई दिल्ली
Postal code 110002
Electronic mail address anamikapublishers@yahoo.co.in
300 ## - PHYSICAL DESCRIPTION
Extent 256पृ.
Dimensions 22 सेमी (सजिल्द)
942 ## - ADDED ENTRY ELEMENTS (KOHA)
Item type Hindi Books
Source of classification or shelving scheme Dewey Decimal Classification
Classification part 821.08
Call number suffix शर्मामी
Holdings
Withdrawn status Lost status Not for loan Collection code Home library Current library Date acquired Cost, normal purchase price Full call number Barcode Copy number Cost, replacement price Koha item type
      Non-fiction Patel Nagar Patel Nagar 12/08/2024 750.00 821.08 शर्मामी HN-100502 1 750.00 Hindi Books

© Delhi Public Library
Hit Counter
free hit counter